000 00784nam a2200193 a 4500
001 000039014
005 20201002031447.0
008 130513s2012 dr ac r 000 0 spa d
020 _a9789945869392
040 _aDO-SdBNP
_bspa
_cBNPHU
082 _axxxx
_bG643e
100 1 _aGonzález Tejera, Natalia
_955788
245 1 0 _aExiliados españoles en República Dominicana, 1939-1943 :
_bdescripción y análisis socio-económico y demográfico /
_cNatalia González Tejera.
260 _aSanto Domingo :
_bAcademia Dominicana de la Historia,
_c2012.
300 _a143 p. :
_bil., retrs. ;
_c23 cm.
500 _aIncluye referencias bibliográficas y notas al pie de las páginas
500 _aIncluye datos biográficos del autora en las solapas
504 _aBibliografía : p. 107-112
999 _c38504
_d38504